000
00405nam a2200145Ia 4500
008
100122s9999 xx 000 0 und d
082
_b
4530
_a
823
100
_a
नाईक य ग
245
_a
मृगजळातील नौका
260
_c
1924
300
_a
50
630
_a
मृगजळातील नौका
730
_a
मृगजळातील नौका
942
_c
BOOK
999
_c
398096
_d
398093